000 00426nam a2200169 a 4500
001 2401
005 20140414131928.0
008 050601s19uu xx 00 eng d
020 _a0-7316-6924-X
050 _aER
_bT59
245 _aTommy the Indian.
260 _aAustralia :
_bModern Publishing Group.
300 _a1 v. p. : ill. ; cm.
650 _aIndians
_xFiction.
650 _aChildren stories.
999 _c112149
_d112149